[Daňovníctvo - daňová teória a politika I - praktikum]

Recenzia na publikáciu, ktorá je spracovaná v súlade s najnovšími poznatkami v daňovej praxe. Obsahuje dve rozsiahle samostatné kapitoly - priame a nepriame dane.

Enregistré dans:
Détails bibliographiques
Auteur principal: Rabatinová, Marcela, 1977-
Format: Chapitre de livre
Langue:slovaque
Sujets:
Tags: Ajouter un tag
Pas de tags, Soyez le premier à ajouter un tag!

MARC

LEADER 00000naa a2200000 4500
001 0155293
005 20240502072730.2
041 0 |a slo 
044 |a SK 
245 1 0 |a [Daňovníctvo - daňová teória a politika I - praktikum]  |c Marcela Rabatinová 
520 |a Recenzia na publikáciu, ktorá je spracovaná v súlade s najnovšími poznatkami v daňovej praxe. Obsahuje dve rozsiahle samostatné kapitoly - priame a nepriame dane. 
610 2 0 |a recenzie 
610 2 0 |a teórie daňové 
610 2 0 |a dane priame 
610 2 0 |a dane nepriame 
100 1 |a Rabatinová, Marcela, 1977-